000 00453pam a2200157 a 4500
020 _a0878579893 :
040 _cDLC
082 0 0 _a631 R.I 1991 C141 Co.
100 1 _aSarrantonio, Marianne,
245 1 0 _aMethodologies for screening soil-improving legumes /
260 _aKutztown, Pa., U.S.A. :
_bRodale Institute,
_cc1991.
300 _axxviii, 310 p. :
_bill. ;
_c22 cm.
650 0 _aLegumes.
650 0 _aNitrogen-fixing plants.
942 _cAEDBB
999 _c18284
_d18284